000 00294nam a22001337a 4500
008 180608b xxu||||| |||| 00| 0 eng d
020 _a9789928415332
041 _aeng
080 _a070
100 _a40
101 _aMK
245 _aA na duhen më gazetarët?
_cScherer,E
942 _2udc
_cBK
999 _c46612
_d46612